Input-output and national accounts

Saved in:
Bibliographic Details
Main Author: Stone, Richard, 1913-1991
Format: Book
Language:English
Published: Paris : Organisation for European Economic Co-operation, 1961
Subjects:
Tags: Add Tag
No Tags, Be the first to tag this record!

MARC

LEADER 00000cam a2200000 i 4500
001 1/6709
008 000616s1961 eng d
035 |l 10062027 
040 |a GR-MY-UA  |b gre  |e aacr 
041 0 |a eng 
082 0 |a 339.23 
100 1 |a Stone, Richard,   |d 1913-1991. 
245 1 0 |a Input-output and national accounts /  |c by Richard Stone 
260 |a Paris :   |b Organisation for European Economic Co-operation,   |c 1961 
300 |a 202 p.  |b tables 
504 |a Bibliography: p. 191-202 
650 0 0 |a Industrial management  |x Mathematical models. 
852 |a INST  |b LESVOS  |e 20000616  |h 339.23 STO  |p 005100020943  |q 005100020943  |t BK  |y 0 
909 |a Λ  |b 072900 
970 |z 2000/06/ΟΙΚΟΝΟΜΟΠΟΥΛΟΥ ΧΡΙΣΤΙΝΑ